[Event "NOR-ch Class2"]
[Site "Sarpsborg"]
[Date "2018.07.08"]
[Round "3"]
[White "Skaslien, Tor"]
[Black "Larsen, Thomas G"]
[Result "1/2-1/2"]
[WhiteElo "1648"]
[BlackElo "1701"]
[PlyCount "44"]
[EventDate "2018.07.07"]
[EventType "swiss"]
[EventRounds "9"]
[EventCountry "NOR"]
[SourceTitle "EXT 2024"]
[Source "ChessBase"]
[SourceDate "2023.10.10"]
[SourceVersion "1"]
[SourceVersionDate "2023.10.10"]
[SourceQuality "1"]

1. d4 Nf6 2. Nf3 e6 3. Bg5 h6 4. Bh4 d5 5. e3 Bd6 6. Nbd2 Nbd7 7. Bd3 c5 8. c3 0-0 9. Bg3 Qc7 10. Bxd6 Qxd6 11. Qe2 b6 12. 0-0 Bb7 13. Rfe1 Rfe8 14. Ba6 Bc6 15. Bb5 Bb7 16. Ne5 a6 17. Nxd7 Nxd7 18. Ba4 b5 19. Bc2 c4 20. e4 dxe4 21. Bxe4 Bd5 22. Nf3 Nf6 1/2-1/2

[Event "NOR-ch Class4"]
[Site "Lillehammer"]
[Date "2013.06.29"]
[Round "4"]
[White "Skaslien, Tor"]
[Black "Hauge, Eirik"]
[Result "1-0"]
[WhiteElo "1234"]
[BlackElo "1046"]
[PlyCount "103"]
[EventDate "2013.06.29"]
[EventType "swiss"]
[EventRounds "9"]
[EventCountry "NOR"]
[SourceTitle "EXT 2017"]
[Source "ChessBase"]
[SourceDate "2016.10.25"]
[SourceVersion "1"]
[SourceVersionDate "2016.10.25"]
[SourceQuality "1"]

1. d4 Nf6 2. Nf3 d5 3. Bf4 e6 4. e3 c5 5. c3 Nc6 6. Bd3 Qb6 7. Qb3 Qa5 8. dxc5 Bxc5 9. Nbd2 0-0 10. Qb5 Qxb5 11. Bxb5 Bd7 12. Bd3 Rfe8 13. Ne5 Nxe5 14. Bxe5 Ng4 15. Bd4 b6 16. h3 Nh6 17. Nf3 f6 18. Bxc5 bxc5 19. 0-0 Rab8 20. b3 e5 21. Be2 e4 22. Nd2 Nf5 23. Rfe1 Nd6 24. a4 Be6 25. Rab1 Rec8 26. f3 exf3 27. Bxf3 c4 28. b4 f5 29. Bd1 Ne4 30. Nxe4 fxe4 31. a5 Bd7 32. Bg4 Bxg4 33. hxg4 Rd8 34. Rbd1 Rb7 35. Rf1 g6 36. Rf4 Kg7 37. Rxe4 Rbd7 38. Red4 Kf6 39. e4 Ke5 40. Rxd5+ Rxd5 41. Rxd5+ Rxd5 42. exd5 Kxd5 43. Kf2 g5 44. Ke3 h6 45. a6 Kc6 46. Kd4 Kb5 47. Kd5 Kxa6 48. Kc6 h5 49. gxh5 g4 50. Kc5 g3 51. h6 Kb7 52. h7 1-0